| 000 | 00702nam a22002537a 4500 | ||
|---|---|---|---|
| 001 | 20871 | ||
| 003 | UA-OsUOA | ||
| 005 | 20210504222927.0 | ||
| 007 | ta | ||
| 008 | 20031106b un ||||| |||| 00| 0 ukr d | ||
| 040 |
_aUA-OsUOA _bukr _cUA-OsUOA _dUA-OsUOA |
||
| 041 | _aukr | ||
| 044 | _aCA | ||
| 080 | _a94(477).06 | ||
| 090 |
_a94(477).06 _bМ69 |
||
| 100 | _aМихайлюк Б. | ||
| 245 | _aВаршавський договір в світлі націоналістичної критики | ||
| 260 |
_aВінніпег _c1950 |
||
| 300 | _a112 с. | ||
| 650 | 7 | _2UDC | |
| 942 |
_cBK _2udc |
||
| 955 | _a0 | ||
| 999 |
_c307057 _d307057 |
||